Japanese for beginners / (Record no. 7535)
[ view plain ]
| 000 -LEADER | |
|---|---|
| fixed length control field | 00855cam a2200265 p 4500 |
| 001 - CONTROL NUMBER | |
| control field | 7535 |
| 003 - CONTROL NUMBER IDENTIFIER | |
| rucl marc code | BD-RjUL |
| 005 - DATE AND TIME OF LATEST TRANSACTION | |
| control field | 20211208234432.0 |
| 008 - FIXED-LENGTH DATA ELEMENTS--GENERAL INFORMATION | |
| fixed length control field | 150114r19841976ja a 001 0 eng |
| 035 ## - SYSTEM CONTROL NUMBER | |
| System control number | (BD-RjUL)7579 |
| 040 ## - CATALOGING SOURCE | |
| Original cataloging agency | DLC |
| Transcribing agency | DLC |
| Modifying agency | DLC |
| -- | BD-RjUL |
| Language of cataloging | eng |
| 041 ## - LANGUAGE CODE | |
| Language code of text/sound track or separate title | eng |
| 082 00 - DEWEY DECIMAL CLASSIFICATION NUMBER | |
| Classification number | 495.682421 |
| Author mark and year | YOJ |
| 100 1# - MAIN ENTRY--PERSONAL NAME | |
| Personal name | Yoshida, Yasuo, |
| Dates associated with a name | 1927- |
| 9 (RLIN) | 23505 |
| 245 10 - TITLE STATEMENT | |
| Title | Japanese for beginners / |
| Statement of responsibility, etc. | authors, Yasuo Yoshida, Naoomi Kuratani, Shunsuke Okunishi. |
| 260 ## - PUBLICATION, DISTRIBUTION, ETC. (IMPRINT) | |
| Place of publication, distribution, etc. | [Tokyo] : |
| Name of publisher, distributor, etc. | Gakken, |
| Date of publication, distribution, etc. | c1976 [Impression 1984]. |
| 300 ## - PHYSICAL DESCRIPTION | |
| Pagination | 208 p. : |
| Size | 22 cm. |
| Illustrations | ill. ; |
| 504 ## - BIBLIOGRAPHY, ETC. NOTE | |
| Bibliography, etc | Includes index. |
| 650 #0 - SUBJECT ADDED ENTRY--TOPICAL TERM | |
| Topical term or geographic name as entry element | Japanese language |
| General subdivision | Textbooks for foreign speakers. |
| 9 (RLIN) | 23506 |
| 700 1# - ADDED ENTRY--PERSONAL NAME | |
| Personal name | Kuratani, Naoomi, |
| Dates associated with a name | 1938- |
| Relator term | joint author. |
| Personal name | Okunishi, Shunsuke, |
| Relator term | joint author. |
| 942 ## - ADDED ENTRY ELEMENTS (KOHA) | |
| Source of classification or shelving scheme | Dewey Decimal Classification |
| Koha item type | Books |
| Lost status | Source of classification or shelving scheme | Damaged status | Not for loan | Collection code | Permanent Location | Current Location | Shelving location | Date acquired | Source of acquisition | Cost, normal purchase price | Total Checkouts | Full call number | Date last seen | Copy number | Koha item type |
|---|---|---|---|---|---|---|---|---|---|---|---|---|---|---|---|
| Dewey Decimal Classification | Non-fiction | Central Library, University of Rajshahi | Central Library, University of Rajshahi | 26/05/1996 | Tisha photostate, Rajshahi | 78.00 | 495.682421 YOJ 1984 | 15/01/2014 | C-3 | Books | |||||
| Dewey Decimal Classification | Non-fiction | Central Library, University of Rajshahi | Central Library, University of Rajshahi | 26/05/1996 | Tisha photostate, Rajshahi | 78.00 | 495.682421 YOJ 1984 | 15/01/2014 | C-4 | Books | |||||
| Dewey Decimal Classification | Non-fiction | Central Library, University of Rajshahi | Central Library, University of Rajshahi | 27/05/1996 | Tisha photostate, Rajshahi | 78.00 | 495.682421 YOJ 1994 | 24/08/2016 | C-2 | Books |